LDR 00973naa#a2200193#i#450# 001 EN\\bibl\121805 005 20260430083032.4 011 ## _a1998-8990 100 ## _a20260423b2026####ek#y0engy0150####ca 102 ## _aRU 200 1# _aASSESSMENT OF THE LEVEL OF PROTECTION OF THE POPULATION IN MULTI-APARTMENT RESIDENTIAL BUILDINGS UNDER THE IMPACT OF DOMESTIC GAS EXPLOSIONS _eJournal article 210 1# _aSaint-Petersburg _cSaint-Petersburg University of State Fire Service of Emercom of Russia _d2026 215 ## _a8 с. 608 ## _aJournal article _2local 675 ## _aРазличные мероприятия по предупреждению взрывов. 614.838 _aот землетрясений. Сеймостойкие конструкции и сооружения. Сейсмостойкое строительство. 699.841 _z 700 #1 _aGrigoryan _gAlmita Arturovna 700 #1 _aStrelkov _gIlya Konstantinovich 700 #1 _aRybakov _gAnatoly V. 856 4# _ajournals.igps.ru _u